| 000 | 00546nam a2200157 4500 | ||
|---|---|---|---|
| 001 | 1742 | ||
| 008 | 770214c1965 xx 00110 eng d | ||
| 100 | 1 | _aLane, Robert Edwards. | |
| 245 | 1 | 0 |
_aPolitical life : _bWhy and how people get involved in politics / _cRobert E. Lane. |
| 260 |
_aNew York : _bThe Free Press, _c1965. |
||
| 300 |
_a374 p. ; _c22 cm. |
||
| 500 | _aFree Press paperback edition. | ||
| 504 | _aIncludes bibliographical footnotes and indexes. | ||
| 650 | 0 | _aPolitical psychology. | |
| 651 | 0 |
_aUnited States _xPolitics and government. |
|
| 999 |
_c1317 _d1317 |
||